Complete the City Names #1 - Statistics

General Stats
  • This quiz has been taken 49 times
  • The average score is 22 of 30
Answer Stats
Hint Explanation Answer % Correct
Los An Country: USA geles
100%
Newcastle- Country: United Kingdom upon-Tyne
98%
Abu D Country: UAE habi
95%
Johan Country: South Africa nesburg
95%
St. Country: Russia Petersburg
95%
New Country: USA York City
95%
Birmi Country: USA & United Kingdom ngham
88%
Colorado Country: USA Springs
88%
Chatta Country: USA nooga
85%
Sofi Country: Bulgaria a
83%
Hiro Country: Japan shima
83%
Lag Country: Nigeria os
80%
Hamb Country: Germany urg
80%
Teh Country: Iran Ran
78%
Bei Country: Lebanon rut
78%
Med Country: Colombia ellin
75%
Guada Country: Mexico lajara
75%
Dama Country: Syria scus
75%
Bloomi Country: USA ngton
73%
Aus Country: USA tin
70%
Volgog Country: Russia rad
68%
Ti Country: Albania rana
65%
Ap Country: Samoa ia
60%
Sura Country: Indonesia baya
58%
Le Country: United Kingdom eds
55%
Urum Country: China qi
55%
Khar Country: Ukraine kov
45%
Bang Country: Central African Republic ui
40%
Dava Country: Philippines o City
38%
Ib Country: Malaysia oh
30%
No matching quizzes found
Score Distribution
Percent of People with Each Score
Percentile by Number Answered
Your Score History
You have not taken this quiz